Online Catalogue and eLibrary

Maternal Diet, Breast -Feeding capacity, and Lactational infertility : (Record no. 3045)

MARC details
000 -LEADER
fixed length control field 00559nam a2200181Ia 4500
005 - DATE AND TIME OF LATEST TRANSACTION
control field 20240905015045.0
008 - FIXED-LENGTH DATA ELEMENTS--GENERAL INFORMATION
fixed length control field 240331s9999 xx 000 0 und d
020 ## - INTERNATIONAL STANDARD BOOK NUMBER
ISBN 9280803387
082 ## - DDC Classification
Item Number - Author Mark MAT
Class No. 2195
245 #0 - TITLE STATEMENT
Title Maternal Diet, Breast -Feeding capacity, and Lactational infertility :
Remainder of title Report of a joint UNU/WHO workshop held in Cambridge
260 ## - PUBLICATION, DISTRIBUTION, ETC.
Place of publication, distribution, etc. Tokyo
Name of publisher, distributor, etc. The United Nations University
Date of publication, distribution, etc. 1983
300 ## - PHYSICAL DESCRIPTION
Extent (e.g. Volumes, Pages etc.) vi, 107 p .,
650 ## - SUBJECT ADDED ENTRY--TOPICAL TERM
Topical term or geographic name entry element Women
650 ## - SUBJECT ADDED ENTRY--TOPICAL TERM
Topical term or geographic name entry element Maternal Health
650 ## - SUBJECT ADDED ENTRY--TOPICAL TERM
Topical term or geographic name entry element Non-nutritional
700 ## - ADDED ENTRY--PERSONAL NAME
Personal name Whitehead, R.G.
Relator term (Role) Editor
942 ## - Koha item type (Biblio)
Koha item type Books in Stacks (Lending)
Holdings
Lost status Damaged status Collection code Home library Current library Shelving location Date acquired Full call number Accession Number Item type
    Lending WERC Library WERC Library Social Science Cupboard 03/31/2024 613.042 MAT 2195 Books in Stacks (Lending)

© WERC Library